La responsabilidad patrimonial de la administración hacia un nuevo sistema (Registro nro. 164928)

Detalles MARC
000 -ENCABEZADO
Número de control [NR] 00927nam a22002537a 4500
008 - DE LONGITUD FIJA DE DATOS DE ELEMENTOS - INFORMACIÓN GENERAL
Elementos de longitud fija [NR] 130821s2012 sp gr spa
020 ## - NUMERO INTERNACIONAL NORMALIZADO PARA LIBROS [R]
Número Internacional Normalizado del libro [NR] 9788415276128
020 ## - NUMERO INTERNACIONAL NORMALIZADO PARA LIBROS [R]
Número Internacional Normalizado del libro [NR] 9789974676909
040 ## - FUENTE DE CATALOGACION [NR]
Agencia de catalogación original [NR] CO-BoUCM
Idioma de catalogación [NR] spa
Quien Cataloga
Quien Clasifica Aldemar Mondragón
041 00 - CODIGO DE IDIOMA [R]
Código de idioma para texto/pista de sonido o título separado [R] Español
100 1# - ASIENTO PRINCIPAL--NOMBRE PERSONAL [NR]
Nombre personal [NR] Mir Puigpelat, Oriol
ID Autoridad 30246
245 13 - MENCION DE TITULO [NR]
Título [NR] La responsabilidad patrimonial de la administración hacia un nuevo sistema
Mención de responsabilidad, etc. [NR] Oriol Mir Puigpelat
250 ## - MENCION DE EDICION [NR]
Mención de edición [NR] 2a ed
260 ## - PUBLICACION, DISTRIBUCION, ETC. (PIE DE IMPRENTA) [R]
Lugar de publicación, distribución, etc. [R] Madrid (España)
Nombre del editor, distribuidor, etc. [R] Edisofer B de F
Fecha de publicación, distribución, etc. [R] 2012
300 ## - DESCRIPCION FISICA [R]
Extensión [R] xviii, 370 páginas
490 0# - MENCION DE SERIE [R]
Mención de serie [R] Serie Europa-América
504 ## - NOTA DE BIBLIOGRAFIA, ETC. [R]
Nota de bibliografía, etc. [NR] Incluye referencias bibliográficas
650 ## - ASIENTO SECUNDARIO DE MATERIA - TERMINO TEMATICO [R]
Término temático o nombre geográfico como elemento de entrada [NR] Derecho administrativo
9 (RLIN) 12695
650 #7 - ASIENTO SECUNDARIO DE MATERIA - TERMINO TEMATICO [R]
Término temático o nombre geográfico como elemento de entrada [NR] Daños y perjuicios
9 (RLIN) 12465
650 #7 - ASIENTO SECUNDARIO DE MATERIA - TERMINO TEMATICO [R]
Término temático o nombre geográfico como elemento de entrada [NR] Expropiación forzosa
9 (RLIN) 15476
650 #7 - ASIENTO SECUNDARIO DE MATERIA - TERMINO TEMATICO [R]
Término temático o nombre geográfico como elemento de entrada [NR] Responsabilidad patrimonial de la administración
9 (RLIN) 30247
942 ## - ELEMENTOS DE ENTRADA AGREGADOS (KOHA)
Tipo de ítem principal el descrito en 300a Libro
Tema principal Administración
Edición 2
Parte restante de la signatura top. M671r
Sistema de clasificación DEWEY
Clasificación 342.088
Existencias
Fecha de último préstamo Total préstamos Total Renewals Signatura topográfica Código de barras Última vez visto Volúmen / Fascículo Ejemplar Price effective from Tipo de ítem Perdido Sistema de clasificación Dañado No prestable Tipo de ítem específico Suprimido Ubicación habitual Ubicación actual Localización Fecha de creación Forma de adquisición Costo
09/02/2018 10 14 342.088 M671r 100130347 08/06/2024 2a. Ed. Ej.1 19/02/2013 Libro   DEWEY     Libro   Bodega Bodega 3er piso 15/02/2013 Compra 83249.00